000
00328nam a2200133Ia 4500
008
150201s2010 xx 000 0 und d
082
_a
610.6367
_b
C10P
100
_a
POLASKI, ARLENE
245
_a
LUCHMANN'S MEDICAL SURGICAL NURSING
260
_b
ELSEVIER
_a
INDIA
_c
2010
300
_a
1215
650
_a
SURGERY
942
_2
ddc
_c
BK
999
_c
2202
_d
2202